00880nam a2200205 a 4500001001000000003000500010005001700015008004100032010001100073011001100084040000900095100003700104245015300141260004100294500006000335502010900395650005400504650004600558856007000604000113512CHAP20220329144358.0170727s2016 mx sm |||||||spa d a109973 a110945 cCHAP1 aPadilla Azorín, Carlos Alberto10aEtiología de las manchas necróticas de la corona de cristo (Euphorbia milli Ch. des Moulins)h[En línea]cpor Carlos Alberto Padilla Azorín. aChapingo, Méx. :bEl autor,c2016. aPara ver el contenido del material haga clic en la liga aTesis (Ing. Agr. Esp. en Parasitología Agrícola) -- UACH. Departamento de Parasitología Agrícola14aPlantas ornamentalesxEnfermedades por bacterias.14aXanthomonas axonopodisxIdentificación. aFinding aiduhttp://10.13.5.2/tesis/sist113512.pdfzTeclea aquí